00848nam a2200229 a 4500003000800000005001700008008004100025035001400066040004200080041000800122082002200130100003800152245009800190260003100288300003300319500005200352650002800404700003900432942001200471999001700483952011800500BD-RjUL20220324155449.0240322s1948 nyua b 000 0 eng  a(BD-RjUL) aDLCcCSUdOCLdSERdEQOdBD-RjULbeng aeng 223a302bSHO 19481 aSherif, Muzafer,d1906-19889203613aAn outline of social psychology /cby Muzafer Sherif; with an introduction by Gardner Murphy. aNew York :bHarper,c1948. axv, 479 p. :bill. ;c22 cm. aIncludes bibliographical footnotes and indexes. 0aSocial psychology911011 aMurphy, Gardner,d1895-1979.92037 2ddccBK c79609d79609 00102ddc40718NFICaRUCLbRUCLcReadingd2022-03-24l0o302 SHO 1948r2022-03-24 00:00:00tC-1w2022-03-24yBK